00919nam a2200325Ia 4500008004100000020001900041100002200060245003300082245009800115260001500213260002000228260000900248300001700257300003200274300001100306440002400317440001000341500004900351650001300400650002000413650001300433650001600446650004900462650001300511650001300524650001300537650001300550650002200563700000800585160803s9999 xx 000 0 und d a978-0439559706 aStilton, Geronimo aAttack of the bandit cats /  cGeronimo Stilton ; illustrations by Matt Wolf ; English translation by Edizioni Piemme S.p.A. aNew York : bScholastic Inc. c2004 a113 pages :  bcolor illustrations, maps ; c20 cm. aGeronimo Stilton ;  vbk. 8 aTranslation of: Il galeone dei gatti pirati. aCats --  aJournalists --  aMice --  aPirates --  aStilton, Geronimo (Fictitious character) --  xFiction. xFiction. xFiction. xFiction. xJuvenile fiction. a570